| 000 | 00672nam a22002417a 4500 | ||
|---|---|---|---|
| 003 | OSt | ||
| 005 | 20220107122801.0 | ||
| 008 | 150601b xxu||||| |||| 00| 0 eng d | ||
| 020 | _a9788132110200 | ||
| 040 | _cIIITMK | ||
| 082 | _a658.872 LEE/S | ||
| 100 |
_aLee, Nancy R. _97047 |
||
| 245 |
_aSocial marketing: _bInfluencing behaviors for good |
||
| 250 | _aFourth Edition | ||
| 260 |
_aNew Delhi, _bSage Publication India, _c2011 |
||
| 300 | _axi, 502p. | ||
| 650 |
_aTELEMARKETING _97048 |
||
| 650 |
_aSOCIAL MARKETING _97049 |
||
| 650 |
_aSOCIAL MEDIA NETWORKING _97050 |
||
| 650 |
_aSOCIAL NETWORKS _97051 |
||
| 700 |
_aKotler, Philip _97052 |
||
| 942 |
_2ddc _cBK |
||
| 999 |
_c4733 _d4733 |
||